000 00299nam a22001457a 4500
008 210305b ||||| |||| 00| 0 eng d
020 _a9780547618388
041 _aeng
080 _a82
082 _a82
100 _a21
101 _aGJL
245 _aLiterature
_cMcDougal, H
942 _2udc
_cBK
999 _c55883
_d55883